000
00313nam a22001337a 4500
008
180127b xxu||||| |||| 00| 0 eng d
020
_a
1570130078
041
_a
eng
080
_a
616
100
_a
4
101
_a
SHM
245
_a
Photographic Case Studies in Family Practice
_c
Anderson, M.D
942
_2
udc
_c
BK
999
_c
41069
_d
41069